Statistics for soccer world cup 2018 teams

Click here to take the quiz!

General Stats

  • This quiz has been taken 52 times
  • The average score is 8 of 15

Answer Stats

hintAnswer% Correct
goodbrazil
83%
very badargentina
79%
excellentspain
71%
excellentrussia
67%
excellentcroatia
60%
goodportugal
58%
excellentjapan
54%
excellenturuguay
50%
not goodpanama
42%
badegypt
40%
excellentsenegal
38%
not goodpoland
38%
goodice land
38%
badsaudi arabia
35%
goodaustralia
31%

Score Distribution

Percentile by Number Answered

Percent of People with Each Score

Your Score History

You have not taken this quiz